000 00896nam a2200289 a 4500
005 20140310183141.0
008 020718s19uu xx 00 eng d
020 _a1861520956
050 _aTX 911.3
_b.G624 1997
100 _aGoldsmith, Alistair L., et al.
245 _aHuman resource management for hospitality services /
_cAlistair L. Goldsmith, et al. ;
260 _aLondon :
_bInternational Thomson Business Press,
_c1997.
300 _a229 p. ;
_c21 cm.
440 _aSeries in tourism and hospitality management
500 _aIncludes bibliographical references and index.
521 _aBSBA
650 _aPersonnel management.
650 _aHospitality services.
700 _aNickson, Dennis P.
700 _aSloan, Donald H.
700 _aWood, Roy C.
942 _cBK
_2lcc
_kFOR
999 _c19417
_d19417